• 首页
  • 本馆介绍
  • 公告通知
  • 最新文献
  • 馆藏检索
  • 电子资源
  • 读者导购
  • 参考咨询
  • 我的图书馆
  • 登录
  • 详细信息显示
  • 放入我的书架
  • 预约/预借图书
  • 作者相关作品
  • 分类相关作品
  • 丛书相关作品
  • 出版社相关作品

书目信息

  • 表格格式
  • 工作单格式
  • 卡片格式
题名:
权与钱
    
 
作者: 匡长福 编著
分册:  
出版信息: 北京   清华大学出版社  1989.8
页数: 329页
开本: 19cm
丛书名:
单 册:
中图分类: F129.6
科图分类:
主题词: 经济史--中国--民国
电子资源:
ISBN: 7-302-00596-6
000 00645nam0 2200217 45
001 0189015266
005 20050329170247.7
010    @a7-302-00596-6@dCNY3.95
020    @aCN@b89015266
100    @a19910304d1989 m y0chiy0120 ea
101 0  @achi
102    @aCN@b110000
105    @af z 000yy
200 10 @a权与钱@Aquan yu qian@e蒋宋孔陈聚财录@Ejiang song kong chen ju cai lu@f匡长福等编著@Fkuang chang fudeng bian zhu
210    @a北京@c清华大学出版社@d1989.8
215    @a329页@c照片@d19cm
606 0  @a经济史@x中国@z民国
690    @aF129.6@v3
701  0 @a匡长福@4编著
801  0 @aCN@bNLC@c19910304
905    @dF129.6@e49@f1@b241631
    
    权与钱:蒋宋孔陈聚财录/匡长福等编著.-北京:清华大学出版社,1989.8
    329页:照片;19cm
    
    
    ISBN 7-302-00596-6:CNY3.95
    
●
相关链接 在E读中查询图书 在五车中查询图书 在当当中查询图书 在豆瓣中查询图书


正题名:权与钱     索取号:F129.6/49         预约/预借

序号 登录号 条形码 馆藏地/架位号 状态 备注
1 0241631   001986872   密集书库/ [索取号:F129.6/49] 在馆    
2 0241632   000202364   密集书库/ [索取号:F129.6/49] 在馆    
3 0241633   000202373   第一借阅区/ [索取号:F129.6/49] 在馆    
4 0241634   000202355   密集书库/ [索取号:F129.6/49] 在馆    
5 0241635   000202382   第一样本阅览室/ [索取号:F129.6/49] 在馆    
唐山师范学院图书馆 欢迎您!
大连网信软件有限公司© 版权所有